Quizzes
Events
Quiz Creation
Community
Videos
Private Events
Remove Ads
Sign In
Join for FREE
Feedback
Dark Mode
Quiz Categories
Sports
Geography
Music
Movies
Television
Just For Fun
Miscellaneous
History
Literature
Language
Science
Gaming
Entertainment
Religion
Holiday
For Kids
Quiz Lab
Recent
Popular Today
Quiz Kudos Today
Editor Picks
Curator Picks
Quizzes by...
Day
Popularity
Type
Ratings
Length
Year
Community
Subscriptions
Recent Discussions
Orange Saloon
Badges
Playlists
Quests
Create
Leaderboards
Showdown
Live 5
Trivia Bingo
Activity
Puzzle Library
Sporcle Events
Private Events
Virtual Trivia
Globe League
Become a Host
Pub Owners
SporcleCon
Opinionation
Our Games
Videos
Blog
Mobile Apps
Partnerships
Remove Ads and Go Orange
Feedback
Entertainment
Celebrity
Famous
Musical
Broadway
Show
Quote
Comic Books
Anime
Superhero
DC Comics
Marvel
Cartoons
Animation
Entertainment
Celebrity
Famous
Musical
Broadway
Show
Quote
Comic Books
Anime
Superhero
DC Comics
Marvel
Cartoons
Animation
Random Quiz
Search Sporcle
×
Quiz Lab
Quiz Lab
Entertainment
Lyrics
Type in answers that appear in a list
Type in answers that appear in a list
Classic
Best Score? Go Orange.
Gilbert and Sullivan lyrics Stats
Can you name the Gilbert and Sullivan lyrics?
By
Hamlet
5m
14 Questions
301 Plays
301 Plays
301 Plays
Comments
Comments
Give Quiz Kudos
Give Quiz Kudos
-
- Ratings
hide this ad
Forced Order
Answers have to be entered in order
Answers have to be entered in order
Replay
Link that replays current quiz
Next Quiz
Link to next quiz in quiz playlist
You Got
0%
They Got
Avg Score
73%
Avg Friend Score
Upgrade to see
Score Distribution
Jump to the score distribution portion of the page
Score
0/14
Timer
05:00
0
Plays Today
lyric
% Correct
We sail the ocean blue, and our saucy ship's a beauty!
HMS Pinafore
98%
Three little maids from school are we
The Mikado
93.7%
We are dainty little fairies, ever singing, ever dancing
Iolanthe
84.7%
Then I can write a washing bill in Babylonic cuneiform
The Pirates of Penzance
83.7%
My name is John Wellington Wells, I'm a dealer in magic and spells
The Sorcerer
81.7%
When I, good friends, was called to the bar I'd an appetite fresh and hearty
Trial By Jury
80.1%
I cannot tell what this love may be
Patience
76.7%
lyric
% Correct
When the night wind howls in the chimney cowls, and the bat in the moonlight flies
Ruddigore
75.4%
I have a song to sing, O
The Yeomen of the Guard
72.8%
For the merriest fellows are we
The Gondoliers
71.4%
Towards the empyrean heights of ev'ry kind of lore
Princess Ida
62.1%
Sing hey, the jolly jinks of Pfennig Halbpfennig!
The Grand Duke
60.5%
Through the night, the constellations, have given light from various stations
Thespis
45.5%
There's a little group of isles beyond the wave
Utopia, Ltd
38.9%
Quiz Playlist
Details
Report
Send in Message
Add To Playlist
Classic:
Type in answers that appear in a list
Forced Order:
Answers have to be entered in order
Last Updated: Feb 16, 2017
Quiz Scoreboard
CHALLENGE
Sign Up to Join the Scoreboard
Show All
Scores
Hide
Comments
May contain spoilers
Recently Published
Popular People in 1961
by mucciniale
History
6m
1-10 Letter E Words III
by El_Dandy
Language
2m
One Thing in Common: World Cities II
by knightlancer
Geography
7m
More to Explore
Quiz From the Vault
Featured Blog Post
Where Did the Easter Bunny Come From?
hide this ad
You Might Also Like...
Tags
Lyrics Quiz
Gilbert
Sullivan
Today's Top Quizzes in Entertainment
Browse Entertainment
hide this ad
Today's Top Quizzes in Lyrics
Browse Lyrics
Top Contributed Quizzes in Entertainment
1
Kamen Rider Motifs
2
Dragon Ball Z: Goku's Fights in Order
3
Dragon Ball Z: Mega Character Search
4
One Piece Arcs By Order III
5
Survivor Winners Logic Quiz
6
Undead Unluck Minefield
7
Criteria Quickie: Cartoon Taxonomy II
8
Marvel Characters Bunker
9
Who Wants to Be a Millionaire: Anime Edition
10
Demon Slayer 11-1
Explore More
Trending Topics
Marvel
Crossword
NBA
Kpop
Anime
Disney
Harry Potter
Puzzle
Song
Country
WWE
Pokémon
NFL
Soccer
The Office
hide this ad
More By:
Hamlet
Quiz
Plays
Rating
Category
Featured
Created
Name the governors of Massachusetts
691
3.67
History
Jun 4, 2011
Gilbert and Sullivan lyrics
301
4.00
Entertainment
Jul 12, 2010
The Plays of George Bernard Shaw
230
5.00
Literature
Apr 9, 2011
Nations with three or more A's
148
1.00
Geography
Jul 21, 2010
Plays of Eugene O'Neill
113
5.00
Literature
Jun 4, 2011
Go to Creator's Profile
Score Distribution
Quiz Creator Spotlight
Hamlet
Follow
Send a Message
Quizzes Created
-
Created Quiz Play Count
-
More By This Creator
Popular Quizzes Today
1
Find the US States - No Outlines Minefield
2
Find the Countries of Europe - No Outlines Minefield
3
The Countries of the World
4
Popular People in 1961
5
1-10 Letter E Words III
6
Find the US States
7
US States
8
One Thing in Common: World Cities II
More Entertainment Quizzes
Quotable Who?
Published
Trending Quizzes
Risky Map Clicking: Least Populous States A-Z
1-10 Letter F Words
1-10 Letter G Words
One Thing in Common: United Kingdom
Risky Map Clicking: Next State Alphabetically
Recently Updated
Leaping Animals
pecheneg
Reality TV Shows (A-Z)
bhenderson79
Rickey Henderson's Hall of Fame Teammates
pecheneg
Champions League XIs: Arsenal
pecheneg
Quick Pick: Celebrities in WWE's Hall of Fame
aduchscher
A-Z Keypad Blitz II
pecheneg
Multiple Oscar Actors
pecheneg
Mystery Phrase Blitz: Oscar 'Best Actors'
pecheneg
F. Scott Fitzgerald Novels
LTH
Pick 3 Villains
ddd62291
Trending Topics
NBA
Crossword
Disney
Harry Potter
Marvel
Anime
Kpop
Pokémon
WWE
Song
Country
The Office
Puzzle
Soccer
NFL
Your Account Isn't Verified!
In order to create a playlist on Sporcle, you need to verify the email address you used during registration. Go to your
Sporcle Settings
to finish the process.
Report this User
Report this user for behavior that violates our
Community Guidelines
.
Details:
Send Report
Go to the Sporcle.com Mobile Site →
Comments